| 000 | 00511cam a2200181 4500 | ||
|---|---|---|---|
| 001 | D7554 | ||
| 008 | 090401t1981 xxu||||| |||| 00| 0 eng d | ||
| 035 | _a(Sirsi) u7983 | ||
| 041 | _aeng | ||
| 050 | _a346.4104344 | ||
| 100 | _aNewton, Lorna K (ed) | ||
| 245 | 4 | _aThe Rent Act 1977 revised including Housing Act 1980 amendments with an introduction by Trevor M. Aldridge | |
| 260 |
_aLondon _bOyez Publishing Ltd _c1981 |
||
| 300 | _axvi. 135p. 23cm | ||
| 350 | _a7.5 | ||
| 942 | _n0 | ||
| 948 | _c04/03/1997 | ||
| 999 |
_c86468 _d86468 |
||